|
|
|
|
| LEADER |
01332nam a22003137a 4500 |
| 001 |
33270 |
| 003 |
BD-DhAAL |
| 005 |
20250625120054.0 |
| 008 |
180708t1996 waua|||| |||| 001 0 eng d |
| 020 |
|
|
|a 9781879304802
|
| 020 |
|
|
|a 1879304805
|
| 040 |
|
|
|a BD-DhAAL
|d BD-DhAAL
|
| 082 |
|
|
|a 720.4
|2 20
|
| 245 |
|
|
|a ATFD : 96R :
|b Advanced technology facilities design : 1996 review /
|c American Institute of Architects.
|
| 246 |
|
|
|a Advanced technology facilities design:
|b 1996 review
|
| 260 |
|
|
|a Washington, D.C. :
|b American Institute of Architects,
|c 1996.
|
| 300 |
|
|
|a xxiv, 158 pages :
|b illustrations ;
|c 28 cm.
|
| 500 |
|
|
|a Includes index.
|
| 526 |
|
|
|a ARC
|
| 541 |
|
|
|a Department of Architecture
|e 33270
|
| 650 |
|
|
|a Architecture
|x Technological innovations
|z United States.
|9 26759
|
| 650 |
|
|
|a Architecture
|z United States.
|x History
|y 20th century
|9 26760
|
| 650 |
|
|
|a Intelligent buildings
|z United States.
|9 26761
|
| 650 |
|
|
|a Architecture.
|
| 710 |
|
|
|a American Institute of Architects
|9 26762
|
| 852 |
|
|
|a Department of Architecture
|c General Stacks
|
| 942 |
|
|
|2 ddc
|c BK
|
| 999 |
|
|
|c 39615
|d 39615
|
| 952 |
|
|
|0 0
|1 0
|2 ddc
|4 0
|6 720_400000000000000_ATF
|7 0
|9 63633
|a BRACUL
|b BRACUL
|c GEN
|d 2018-07-08
|e Department of Architecture
|l 0
|o 720.4 ATF
|p 3010033270
|r 2018-07-08
|t 1
|w 2018-07-08
|y BK
|x Transferred from ARC to BRACUL on 28/12/2023
|